Sbírka cvičení z ruské lexikologie /

Hlavní autor: Chlupáčová, Kamila, 1926-
Korporativní autor: Univerzita Karlova. Filozofická fakulta
Jazyk: Ruština
Čeština
Vydáno: Praha : Státní pedagogické nakladatelství, 1963
Vydání: 1. vyd.
Edice: Učební texty vysokých škol
Témata:
Fyzický popis: 152 s.
Knihy
Uloženo v:
LEADER 00970nam a22002771a 4500
001 000708873
003 CZ BrMZK
005 20040707093720.0
008 040318s1963 xr e cze d
015 |a cnb000476764 
035 |a (OCoLC)42099806 
040 |a BOA001  |b cze  |c BOA001 
041 0 |a cze  |a rus 
100 1 |a Chlupáčová, Kamila,  |d 1926-  |7 jk01050222  |4 aut 
245 1 0 |a Sbírka cvičení z ruské lexikologie /  |c Kamila Chlupáčová 
250 |a 1. vyd. 
260 |a Praha :  |b Státní pedagogické nakladatelství,  |c 1963 
300 |a 152 s. 
490 1 |a Učební texty vysokých škol 
500 |a Rozmnoženo 
710 2 |a Univerzita Karlova.  |b Filozofická fakulta  |7 kn20010710340 
830 0 |a Učební texty vysokých škol 
910 |a BOA001  |b PK-N-0006.639 
964 |a Ruština - lexikologie - cvičení - texty vysokoškolské 
990 |a BK 
996 7 |b 3119688011  |c PK-N-0006.639  |l MZK  |r Sklad / do 1 hodiny  |n 1  |w 000708873  |u 000010  |a 1  |e BOA001  |j MZK50  |s A